00415nam a2200133Ia 4500008004100000020001500041050002000056100003500076245005700111250001800168260004300186300001800229650003400247120626s2002 mx a 000 0 spa d a9706330267 aP90 bP758 2002 aPrieto Castillo, Danieleautor aDiseño y comunicación c/ Daniel Prieto Castillo a2a. edición aMéxicob: Ediciones coyoacanc, 2002 a194 páginas 0aCOMUNICACIÓN EN EL DISEÑO